000 00857nam a2200241 i 4500
001 35125
003 ES-MaACL
005 20240128062947.0
007 t|
008 150918s1993 sp ||||1| spa d
020 _a84-376-1164-4
100 1 _aFlaubert, Gustave,
_d1821-1880
_951134
245 1 0 _aViaje a Oriente
_b: (octubre, 1849-junio, 1851) /
_cGustave Flaubert ; edición de Menene Gras Balaguer ; traducción de Menene Gras Balaguer.
260 _aMadrid :
_bCátedra,
_cD.L. 1993.
300 _a573 p. ;
_c18 cm.
490 1 _aLetras universales ;
_v176
504 _aBibliografía: p. 41-43.
651 4 _aOriente Medio-
_xDescripción.
_9159943
700 0 _aGras Balaguer, Menene.
_959682
830 0 _aLetras universales ;
_v176
_9178013
852 _aES-MaACL
_jL-30151
_z.- Donat. Miguel A. Velasco
999 _c35125
_d35125